|
|
|
|
| LEADER |
00000nab a2200000 a 4500 |
| 001 |
vtls000767896 |
| 003 |
SK-MaSNL |
| 005 |
20260304214702.0 |
| 008 |
140302c2001 xo 0 slo |
| 015 |
|
|
|a SNBRB2001/09-25701
|
| 035 |
|
|
|a CLN000119683
|
| 040 |
|
|
|a SNKBUCL
|b slo
|c SNKBUCL
|e AACR2
|
| 041 |
0 |
|
|a slo
|
| 044 |
|
|
|a xo
|c SK
|
| 080 |
|
|
|a 371.72:294.527
|2 1997
|
| 080 |
|
|
|a 294.527
|2 1997
|
| 100 |
1 |
|
|a Lichvárová, M.
|4 aut
|9 1520590
|
| 245 |
1 |
0 |
|a Joga a jej duchovné pozadie
|c M. Lichvárová
|
| 504 |
|
|
|a Bibliogr. odkazy
|
| 650 |
0 |
7 |
|a školstvo
|x joga
|2 snkbucl
|9 1548670
|
| 650 |
0 |
7 |
|a joga
|2 snkbucl
|9 4277
|
| 655 |
|
7 |
|a články z novín a časopisov
|2 snkbucl
|9 267496
|
| 773 |
0 |
|
|t Učiteľské noviny
|g Roč. 51, č. 27 (2001), s. 4
|
| 850 |
|
|
|a Slovenská národná knižnica v Martine
|
| 852 |
|
|
|a SNK
|b KIS3GCP
|
| 958 |
|
|
|a NB
|
| 992 |
|
|
|a RBX
|
| 999 |
|
|
|c 3142721
|d 3144651
|